00424nam a2200145Ia 4500003000400000008004100004040001600045082001300061100002500074245006300099260005300162650002400215650001400239650002500253GCL140319s9999 xx 000 0 eng d aGCL / cGCL04a337bI I1 aPANEL OF SPECIALISTS10aINTERNATIONAL ECONOMICS, 30 th ed / cPANEL OF SPECIALISTS a[S.N] : bMACMILLAN PUBLISHING COMPANY ، c199304aECONOMICS, PLANNING04aECONOMICS04aECONOMICS - THEORIES